000
00331nam a2200145Ia 4500
008
150201s2011 xx 000 0 und d
082
_a
615
_b
P11S
100
_a
SETH, S.D.
245
_a
TB. OF PHARMACOLOGY
250
_a
3RD
260
_b
ELAEVIER
_a
DELHI
_c
2011
300
_a
1-450
650
_a
PHARMACOLOGY
942
_2
ddc
_c
BK
_0
9
999
_c
1262
_d
1262